| 000 | 00704nam a22002297a 4500 | ||
|---|---|---|---|
| 005 | 20170124110125.0 | ||
| 010 | _aA-235833 | ||
| 020 | _c00.00 | ||
| 035 | _aA-235833 | ||
| 037 | _bCen Lib/Ret | ||
| 040 |
_aDPL _bEN |
||
| 082 |
_a958.1 _bQAS |
||
| 100 |
_aQasim Reshtia , Sayed _931404 |
||
| 245 |
_aThe price of liberty : _cby Sayed Qasim Reshtia _bthe tragedy of Afghanistan / |
||
| 260 |
_aDelhi _bGyan Publications _c2004 |
||
| 270 |
_aD-28, Oxford Apartments _bDelhi _e110092 |
||
| 300 |
_a141p. _c20cm(Hb) |
||
| 500 | _aIncludes index | ||
| 650 |
_aAfghanistan _927147 |
||
| 650 |
_aSoviet Occupation of Afghanistan (1979-1989) _992292 |
||
| 942 |
_2ddc _cEN _h958.1 _mQAS |
||
| 999 |
_c131295 _d131295 |
||